000 01028cam a22003137a 4500
003 CHAP
005 20220329140252.0
008 971013s1980 us r 00010 eng d
010 _a49503
011 _a50475
020 _a0935118012
035 _a54625
040 _cCHAP
082 _a581.192
_bR6 1980
100 0 0 _aRobinson, Trevor.
_998021
245 1 4 _aThe organic constituents of higher plants :
_btheir chemistry and interrelationships
_cby Trevor Robinson
250 _a4 ed.
260 _aNorth Amherst, Mass. :
_bCordus,
_c1980
300 _a352 p.
590 _aBATCH-UPD
_b10
_c20130110
_lUCH01
_h0813
590 _aBATCH-UPD
_b10
_c20130410
_lUCH01
_h0450
590 _aBATCH-UPD
_b10
_c20130914
_lUCH01
_h1951
590 _aCONVERSION
_b10
_c20130109
_lUCH01
_h1327
650 1 4 _aQuĂ­mica vegetal.
_993602
901 _aBK
942 _cLIBRO
949 _a581.192 R6 1980
_bBC
_cLIBRO
_d33724000781639
_eLIBRO
_h56010
_i54625
_sb
949 _a581.192 R6 1980
_bBC
_cLIBRO
_d33724002175330
_eLIBRO
_fc.2
_h112706
_i54625
_sb
999 _c49503
_d49503